000 01058nam a2200193Ia 4500
008 151121s9999||||xx |||||||||||||| ||und||
082 _a250/जाधव
082 _bHNW-114658
100 _aजाधव नरेंद्र
245 _aप्रज्ञा महामानवाची बाबासाहेब आंबेडकरांचे समग्र लेखनकार्य भाग चार
260 _b"ग्रंथाली प्रकाशन, मुंबई।"
260 _c2013
300 _a118
600 _aजाधव नरेंद्र
630 _aप्रज्ञा महामानवाची बाबासाहेब आंबेडकरांचे समग्र लेखनकार्य भाग चार
700 _aजाधव नरेंद्र
730 _aप्रज्ञा महामानवाची बाबासाहेब आंबेडकरांचे समग्र लेखनकार्य भाग चार
942 _cBOOK
999 _c1263597
_d1263594